MARC details
| 000 -LEADER |
| fixed length control field |
02389cam a2200421 i 4500 |
| 001 - CONTROL NUMBER |
| control field |
20405592 |
| 003 - CONTROL NUMBER IDENTIFIER |
| control field |
EG-ScBUE |
| 005 - DATE AND TIME OF LATEST TRANSACTION |
| control field |
20240521131757.0 |
| 008 - FIXED-LENGTH DATA ELEMENTS--GENERAL INFORMATION |
| fixed length control field |
180312t2019 gw a f b 001 0 eng d |
| 020 ## - INTERNATIONAL STANDARD BOOK NUMBER |
| International Standard Book Number |
9783132413511 |
| 035 ## - SYSTEM CONTROL NUMBER |
| System control number |
(DNLM)101722704 |
| 040 ## - CATALOGING SOURCE |
| Original cataloging agency |
DNLM/DLC |
| Language of cataloging |
eng |
| Description conventions |
rda |
| Transcribing agency |
DLC |
| Modifying agency |
DLC |
| -- |
EG-ScBUE |
| 082 04 - DEWEY DECIMAL CLASSIFICATION NUMBER |
| Classification number |
615.533 |
| Edition number |
22 |
| Item number |
RIC |
| 100 1# - MAIN ENTRY--PERSONAL NAME |
| Personal name |
Richter, Philipp, |
| Dates associated with a name |
1960- |
| Relator term |
author. |
| 240 10 - UNIFORM TITLE |
| Uniform title |
<a href="Triggerpunkte und Muskelfunktionsketten in der Osteopathie und Manuellen Medizin.">Triggerpunkte und Muskelfunktionsketten in der Osteopathie und Manuellen Medizin.</a> |
| Language of a work |
English |
| 245 10 - TITLE STATEMENT |
| Title |
Trigger points and muscle chains / |
| Statement of responsibility, etc |
Philipp Richter, DO, Institute of Applied Osteopathy Burg Reuland, Belgium, Eric Hebgen, DO, MRO, Founder of the Vinxel Institute of Osteopathy, Königswinter, Germany. |
| 250 ## - EDITION STATEMENT |
| Edition statement |
Second edition. |
| 264 #1 - PUBLICATION, DISTRIBUTION, ETC. (IMPRINT) |
| Place of publication, distribution, etc |
Stuttgart, Germany ; |
| -- |
New York, NY : |
| Name of publisher, distributor, etc |
Thieme, |
| Date of publication, distribution, etc |
[2019] |
| 264 #4 - PUBLICATION, DISTRIBUTION, ETC. (IMPRINT) |
| Date of publication, distribution, etc |
c2019 |
| 300 ## - PHYSICAL DESCRIPTION |
| Extent |
xii, 248 pages : |
| Other physical details |
illustrations (some color) ; |
| Dimensions |
28 cm |
| 336 ## - CONTENT TYPE |
| Content type term |
text |
| Source |
rdacontent |
| Content type code |
txt |
| 337 ## - MEDIA TYPE |
| Media type term |
unmediated |
| Source |
rdamedia |
| Media type code |
n |
| 338 ## - CARRIER TYPE |
| Carrier type term |
volume |
| Source |
rdacarrier |
| Carrier type code |
nc |
| 500 ## - GENERAL NOTE |
| General note |
Preceded by Trigger points and muscle chains in osteopathy / Philipp Richter, Eric Hebgen. c2009. |
| 504 ## - BIBLIOGRAPHY, ETC. NOTE |
| Bibliography, etc |
Includes bibliographical references and index. |
| 505 0# - FORMATTED CONTENTS NOTE |
| Formatted contents note |
Models for myofascial chains -- Physiology -- The craniosacral model -- The biomechanical model of John Martin Littlejohn : mechanics of the spine -- Postural muscles, phasic muscles and crossed syndrome -- Zink patterns -- Myofascial chains : a model -- Posture -- Diagnostics -- Therapy -- Definition -- Classification of trigger points -- Pathophysiology of trigger points -- Diagnosing trigger points -- Trigger point therapy -- Trigger point perpetuating factors -- Facilitated segments -- Trigger points. |
| 650 #7 - SUBJECT ADDED ENTRY--TOPICAL TERM |
| Topical term or geographic name as entry element |
Manipulation, Osteopathic |
| General subdivision |
methods. |
| Source of heading or term |
BUEsh |
| 650 #7 - SUBJECT ADDED ENTRY--TOPICAL TERM |
| Topical term or geographic name as entry element |
Myofascial Pain Syndromes |
| General subdivision |
therapy. |
| Source of heading or term |
BUEsh |
| 650 #7 - SUBJECT ADDED ENTRY--TOPICAL TERM |
| Topical term or geographic name as entry element |
Trigger Points |
| General subdivision |
physiology. |
| Source of heading or term |
BUEsh |
| 650 #7 - SUBJECT ADDED ENTRY--TOPICAL TERM |
| Topical term or geographic name as entry element |
Muscles |
| General subdivision |
physiology. |
| Source of heading or term |
BUEsh |
| 653 ## - INDEX TERM--UNCONTROLLED |
| Arrived date list |
May2024 |
| Resource For college |
Physical Therapy |
| 655 ## - INDEX TERM--GENRE/FORM |
| Form subdivision |
Reading book |
| 700 1# - ADDED ENTRY--PERSONAL NAME |
| Personal name |
Hebgen, Eric, |
| Relator term |
author. |
| 700 1# - ADDED ENTRY--PERSONAL NAME |
| Personal name |
Richter, Philipp, |
| Dates associated with a name |
1960- |
| Title of a work |
Triggerpunkte und Muskelfunktionsketten in der Osteopathie und Manuellen Therapie. |
| Language of a work |
English. |
| Relationship information |
Preceded by (work): |
| 906 ## - LOCAL DATA ELEMENT F, LDF (RLIN) |
| a |
7 |
| b |
cbc |
| c |
orignew |
| d |
1 |
| e |
ecip |
| f |
20 |
| g |
y-gencatlg |
| 942 ## - ADDED ENTRY ELEMENTS (KOHA) |
| Source of classification or shelving scheme |
Dewey Decimal Classification |
| Koha item type |
Book - Borrowing |